[Event "Serbia Championship"]
[Site "Kragujevac"]
[Date "2009.04.02"]
[Round "1"]
[White "Vuckovic, Bojan"]
[Black "Popovic, Aleksandar M"]
[Result "1-0"]
[WhiteElo "2572"]
[BlackElo "2325"]
[PlyCount "143"]
[EventDate "2009.??.??"]
[Source "Perpetual Check"]

1. e4 e5 2. Nf3 Nc6 3. d4 exd4 4. Nxd4 Bc5 5. Nxc6 Qf6 6. Qf3 Qxf3 7. gxf3 bxc6
8. Be3 Bxe3 9. fxe3 Rb8 10. Bc4 Ne7 11. Nc3 O-O 12. O-O-O d6 13. Rhg1 Be6 14.
Bb3 c5 15. f4 Bxb3 16. axb3 Rfe8 17. h4 Kf8 18. h5 Ng8 19. Rd5 h6 20. e5 Ne7
21. Rd2 dxe5 22. fxe5 Nc6 23. Rdg2 Rxe5 24. Rxg7 Rxh5 25. e4 Ne7 26. Rh7 Rg5
27. Rf1 Rg7 28. Rxh6 Rb6 29. Rh5 Rc6 30. Rd1 Rg2 31. Rh8+ Kg7 32. Re8 Re6 33.
Rd7 Ra6 34. Rexe7 Ra1+ 35. Nb1 Rg1+ 36. Kd2 Raxb1 37. Rxf7+ Kg8 38. Rxc7 Rg2+
39. Kc3 Rc1 40. Kc4 Rcxc2+ 41. Kd5 Rxb2 42. Ke6 Rg6+ 43. Rf6 Rxf6+ 44. Kxf6
Rxb3 45. Rc8+ Kh7 46. e5 Rf3+ 47. Ke7 Kg7 48. Rxc5 Rf7+ 49. Kd6 Rf1 50. Rc7+
Kf8 51. Rc8+ Kg7 52. e6 Rd1+ 53. Ke7 Rb1 54. Rc7 a5 55. Kd6+ Kg6 56. Rc2 Rb6+
57. Kd7 Rb7+ 58. Kc6 Ra7 59. Kd6 Ra6+ 60. Ke5 Kg7 61. Rc7+ Kg6 62. Rc8 Ra7 63.
Rg8+ Kh7 64. Rg1 Rb7 65. Kf6 Rb2 66. e7 Rf2+ 67. Ke6 Re2+ 68. Kd7 Rd2+ 69. Ke6
Re2+ 70. Kf7 Rf2+ 71. Ke8 Rb2 72. Re1 1-0

[Event "Serbia Championship"]
[Site "Kragujevac"]
[Date "2009.04.02"]
[Round "1"]
[White "Sarenac, Ivan"]
[Black "Antic, Dejan"]
[Result "1/2-1/2"]
[WhiteElo "2320"]
[BlackElo "2513"]
[PlyCount "63"]
[EventDate "2009.??.??"]
[Source "Perpetual Check"]

1. e4 e6 2. d4 d5 3. Nc3 dxe4 4. Nxe4 Nd7 5. g3 b6 6. Bg2 Rb8 7. Qe2 Bb7 8. Nf3
Ngf6 9. Nxf6+ Qxf6 10. O-O Bd6 11. Be3 O-O 12. Rad1 b5 13. Rfe1 Nb6 14. Bc1 Bd5
15. Qd3 h6 16. Ne5 Bxe5 17. Rxe5 Bxg2 18. Kxg2 Nd5 19. Qe2 c5 20. dxc5 Rbc8 21.
c3 Rxc5 22. Re4 Qf5 23. Red4 Rfc8 24. Be3 a6 25. a4 Rc4 26. axb5 axb5 27. Rxc4
bxc4 28. Rd4 Qb1 29. Bxh6 gxh6 30. Rxd5 exd5 31. Qg4+ Kh7 32. Qxc8 1/2-1/2

[Event "Serbia Championship"]
[Site "Kragujevac"]
[Date "2009.04.02"]
[Round "1"]
[White "Rajkovic, Dusan"]
[Black "Perunovic, Milos"]
[Result "1-0"]
[WhiteElo "2486"]
[BlackElo "2580"]
[PlyCount "73"]
[EventDate "2009.??.??"]
[Source "Perpetual Check"]

1. d4 Nf6 2. c4 e6 3. Nf3 d5 4. Nc3 c6 5. Bg5 h6 6. Bh4 dxc4 7. e4 g5 8. Bg3 b5
9. Ne5 Bb7 10. h4 g4 11. Nxg4 Nxg4 12. Qxg4 Qxd4 13. Rd1 Qf6 14. a4 h5 15. Qe2
Bb4 16. e5 Qh6 17. Qf3 a6 18. Be2 Nd7 19. O-O O-O-O 20. Ne4 Qg6 21. Nd6+ Bxd6
22. Rxd6 Nc5 23. Rxc6+ Kb8 24. axb5 axb5 25. Ra1 Nb3 26. Rb6 Rd5 27. Rd1 Rhd8
28. Rxd5 Rxd5 29. Qxh5 Nd4 30. Bg4 Kc7 31. Rd6 b4 32. Qh8 Nc6 33. Bf3 c3 34.
bxc3 b3 35. Bxd5 b2 36. Ba2 Qe4 37. Qf8 1-0

[Event "Serbia Championship"]
[Site "Kragujevac"]
[Date "2009.04.02"]
[Round "1"]
[White "Drazic, Sinisa"]
[Black "Zlatic, Mihailo"]
[Result "1-0"]
[WhiteElo "2533"]
[BlackElo "2463"]
[PlyCount "79"]
[EventDate "2009.??.??"]
[Source "Perpetual Check"]

1. e4 c5 2. Nf3 Nc6 3. Nc3 d6 4. d4 cxd4 5. Nxd4 Nf6 6. Bg5 e6 7. Qd2 Be7 8.
O-O-O Nxd4 9. Qxd4 O-O 10. f3 a6 11. h4 b5 12. Kb1 Bb7 13. g4 Rc8 14. Qd2 b4
15. Ne2 Nxe4 16. fxe4 Bxe4 17. Bxe7 Qxe7 18. Rh3 Bxc2+ 19. Ka1 Bxd1 20. Qxd1
Rc5 21. a4 Rfc8 22. Ka2 d5 23. g5 e5 24. Qb3 a5 25. Rf3 Rc4 26. Ng3 Qd7 27. Nf5
e4 28. Rf2 Rc1 29. Bh3 Qa7 30. Rg2 Rh1 31. Nh6+ gxh6 32. gxh6+ Kf8 33. Bxc8 Qc5
34. Rc2 Qd4 35. Qg3 b3+ 36. Qxb3 Qd1 37. Qa3+ Ke8 38. Qc3 Rf1 39. Qe5+ Kf8 40.
Qd6+ 1-0

[Event "Serbia Championship"]
[Site "Kragujevac"]
[Date "2009.04.02"]
[Round "1"]
[White "Miladinovic, Igor"]
[Black "Bogosavljevic, Boban"]
[Result "1-0"]
[WhiteElo "2571"]
[BlackElo "2526"]
[PlyCount "41"]
[EventDate "2009.??.??"]
[Source "Perpetual Check"]

1. d4 d5 2. c4 c6 3. cxd5 cxd5 4. Bf4 Nf6 5. Nc3 Qb6 6. e3 Qxb2 7. Rc1 Bd7 8.
Bd3 a6 9. Nge2 Qa3 10. O-O e6 11. e4 dxe4 12. Nxe4 Nd5 13. Nc5 Bxc5 14. Rxc5 b6
15. Bc1 Qxa2 16. Nc3 Nxc3 17. Rxc3 O-O 18. Ba3 Rc8 19. Rxc8+ Bxc8 20. Qc1 Nc6
21. Qxc6 1-0

[Event "Serbia Championship"]
[Site "Kragujevac"]
[Date "2009.04.03"]
[Round "2"]
[White "Damljanovic, Branko"]
[Black "Miladinovic, Igor"]
[Result "1-0"]
[WhiteElo "2573"]
[BlackElo "2571"]
[PlyCount "111"]
[EventDate "2009.??.??"]
[Source "Perpetual Check"]

1. c4 e5 2. g3 Nc6 3. Nc3 g6 4. Bg2 Bg7 5. Nf3 d6 6. O-O Nge7 7. d3 O-O 8. Rb1
a5 9. e3 h6 10. a3 Be6 11. b4 axb4 12. axb4 Qd7 13. b5 Na5 14. Bb2 f5 15. Nd2
g5 16. Qc2 f4 17. exf4 gxf4 18. Rfe1 Bh3 19. Nd5 Bxg2 20. Nxe7+ Qxe7 21. Kxg2
Qf7 22. f3 fxg3 23. hxg3 b6 24. Ra1 Rae8 25. Re4 Nb7 26. Rf1 Nc5 27. Rh4 Re6
28. Ne4 Rg6 29. Nxc5 bxc5 30. Bc1 Qf6 31. Rh3 Qe6 32. Qe2 d5 33. Rh4 Rd8 34. f4
exf4 35. Qxe6+ Rxe6 36. Bxf4 Rd7 37. Rh5 dxc4 38. dxc4 Bf8 39. Rd5 Rf7 40. Rd8
Kg7 41. Bxc7 Re2+ 42. Kg1 Rxc7 43. Rdxf8 Rc2 44. R8f4 Ra7 45. R1f2 Rc3 46. Kg2
h5 47. R2f3 Rc2+ 48. Kh3 Ra4 49. Rf7+ Kg6 50. R3f6+ Kg5 51. Rf5+ Kg6 52. R7f6+
Kg7 53. Rc6 Raxc4 54. Rd5 Rf2 55. Rg5+ Kf7 56. Rxh5 1-0

[Event "Serbia Championship"]
[Site "Kragujevac"]
[Date "2009.04.03"]
[Round "2"]
[White "Zlatic, Mihailo"]
[Black "Ivanisevic, Ivan"]
[Result "0-1"]
[WhiteElo "2463"]
[BlackElo "2625"]
[PlyCount "50"]
[EventDate "2009.??.??"]
[Source "Perpetual Check"]

1. e4 c5 2. Nf3 e6 3. d4 cxd4 4. Nxd4 Nc6 5. Nc3 a6 6. Be2 d6 7. Be3 Nf6 8. O-O
Be7 9. f4 O-O 10. a4 Bd7 11. Qe1 Rc8 12. Qg3 Nb4 13. Bf3 Rc4 14. e5 Nfd5 15.
Nxd5 Nxd5 16. Nf5 exf5 17. Bxd5 Rxc2 18. exd6 Bxd6 19. Bd4 g6 20. Bxb7 Qc7 21.
Bxa6 Bc5 22. Bf2 Re8 23. Bd3 Rxf2 24. Rxf2 Re3 25. Qh4 Re8 0-1

[Event "Serbia Championship"]
[Site "Kragujevac"]
[Date "2009.04.03"]
[Round "2"]
[White "Perunovic, Milos"]
[Black "Drazic, Sinisa"]
[Result "1/2-1/2"]
[WhiteElo "2580"]
[BlackElo "2533"]
[PlyCount "85"]
[EventDate "2009.??.??"]
[Source "Perpetual Check"]

1. e4 c5 2. Nf3 d6 3. d4 cxd4 4. Nxd4 Nf6 5. Nc3 Bd7 6. Bg5 e6 7. Qd3 a6 8.
O-O-O Nc6 9. f4 h6 10. Bh4 g5 11. fxg5 Ng4 12. Nf3 Nge5 13. Qe3 Be7 14. Be2
Nxf3 15. Qxf3 Ne5 16. Qf2 hxg5 17. Bg3 Qc7 18. Rhf1 f6 19. h4 O-O-O 20. hxg5
fxg5 21. Qa7 Rhf8 22. Rxf8 Bxf8 23. Bf2 Nc6 24. Qe3 Be7 25. Na4 Kb8 26. Nb6 Rf8
27. Nxd7+ Qxd7 28. Bg3 Rc8 29. Kb1 Qc7 30. a3 Ne5 31. Qb3 Ka8 32. c3 Nc4 33.
Rd4 b5 34. a4 Bf6 35. Rd1 Be5 36. Bxe5 dxe5 37. axb5 axb5 38. Bxc4 Qxc4 39.
Qa3+ Kb7 40. Rd7+ Rc7 41. Rxc7+ Kxc7 42. Qe7+ Kc6 43. Qe8+ 1/2-1/2

[Event "Serbia Championship"]
[Site "Kragujevac"]
[Date "2009.04.03"]
[Round "2"]
[White "Antic, Dejan"]
[Black "Rajkovic, Dusan"]
[Result "1/2-1/2"]
[WhiteElo "2513"]
[BlackElo "2486"]
[PlyCount "56"]
[EventDate "2009.??.??"]
[Source "Perpetual Check"]

1. d4 Nf6 2. c4 e6 3. g3 Bb4+ 4. Bd2 a5 5. Bg2 d5 6. Nf3 O-O 7. O-O dxc4 8. Qc2
b5 9. a4 bxa4 10. Na3 Bb7 11. Nxc4 Nbd7 12. Rfd1 Nb6 13. Nxb6 cxb6 14. Bxb4
axb4 15. Rxa4 Be4 16. Qb3 Rxa4 17. Qxa4 Qd6 18. Ne5 Ra8 19. Qb3 Bxg2 20. Kxg2
Rc8 21. Qf3 h6 22. Qb7 Qd5+ 23. Qxd5 exd5 24. Nd3 Rc2 25. Kf3 b3 26. Ra1 Ne4
27. Ra8+ Kh7 28. Rd8 Nd2+ 1/2-1/2

[Event "Serbia Championship"]
[Site "Kragujevac"]
[Date "2009.04.03"]
[Round "2"]
[White "Popovic, Aleksandar M"]
[Black "Sarenac, Ivan"]
[Result "0-1"]
[WhiteElo "2325"]
[BlackElo "2320"]
[PlyCount "62"]
[EventDate "2009.??.??"]
[Source "Perpetual Check"]

1. e4 e5 2. Nf3 Nc6 3. Bb5 a6 4. Ba4 Nf6 5. d3 d6 6. Nbd2 g6 7. c3 Bg7 8. O-O
O-O 9. Re1 Nd7 10. Nf1 Nc5 11. Bc2 Ne6 12. Ng3 Qf6 13. Nf1 Bd7 14. Ne3 Rae8 15.
b4 Qd8 16. a4 f5 17. Bb3 Kh8 18. Nd5 fxe4 19. dxe4 Ne7 20. g3 Nc8 21. h4 c6 22.
Ne3 Qf6 23. Kg2 d5 24. Ra2 dxe4 25. Ng5 Nxg5 26. hxg5 Qf3+ 27. Kg1 Be6 28. Bxe6
Rxe6 29. Rd2 b5 30. a5 Nd6 31. Rxd6 Rxd6 0-1

[Event "Serbia Championship"]
[Site "Kragujevac"]
[Date "2009.04.03"]
[Round "2"]
[White "Pikula, Dejan"]
[Black "Vuckovic, Bojan"]
[Result "1/2-1/2"]
[WhiteElo "2568"]
[BlackElo "2572"]
[PlyCount "40"]
[EventDate "2009.??.??"]
[Source "Perpetual Check"]

1. e4 c5 2. Nf3 Nc6 3. Bb5 d6 4. O-O Bd7 5. c3 Nf6 6. Re1 a6 7. Bf1 Bg4 8. d3
e6 9. Nbd2 Be7 10. h3 Bh5 11. g4 Bg6 12. Nh4 Nd7 13. Ng2 h6 14. f4 Bh7 15. Nf3
O-O 16. Qe2 Kh8 17. Qf2 Qc7 18. Bd2 Rae8 19. f5 Nde5 20. Nh2 d5 1/2-1/2

[Event "Serbia Championship"]
[Site "Kragujevac"]
[Date "2009.04.04"]
[Round "3"]
[White "Vuckovic, Bojan"]
[Black "Sedlak, Nikola"]
[Result "1-0"]
[WhiteElo "2572"]
[BlackElo "2572"]
[PlyCount "95"]
[EventDate "2009.??.??"]
[Source "Perpetual Check"]

1. e4 c5 2. Nf3 d6 3. d4 cxd4 4. Nxd4 Nf6 5. Nc3 Bd7 6. Bg5 e6 7. Ndb5 Bc6 8.
Bxf6 gxf6 9. Qh5 a6 10. Nd4 Bd7 11. O-O-O Nc6 12. Nb3 b5 13. f4 b4 14. Ne2 Qb6
15. Kb1 Rc8 16. f5 e5 17. Ng3 a5 18. Bc4 Nd8 19. Bd5 a4 20. Nc1 Bb5 21. Nd3 a3
22. Nxb4 Ba4 23. c3 axb2 24. Rd3 Rc7 25. Qf3 Nc6 26. Bxc6+ Bxc6 27. Rhd1 Be7
28. Nxc6 Rxc6 29. R1d2 Kd7 30. Rxb2 Qc7 31. Ne2 Rb8 32. Rb3 Ra6 33. c4 Rba8 34.
Nc3 Bd8 35. Qe2 Qc5 36. Rd5 Qg1+ 37. Rd1 Qc5 38. Qd3 Ke8 39. Qd5 Qf2 40. Rb2
Qe3 41. Nb5 Kf8 42. Nxd6 Qa7 43. c5 Qc7 44. Rb7 Rb8 45. Rxb8 Qxb8+ 46. Ka1 Ra7
47. Rb1 Qc7 48. Rb7 1-0

[Event "Serbia Championship"]
[Site "Kragujevac"]
[Date "2009.04.04"]
[Round "3"]
[White "Rajkovic, Dusan"]
[Black "Popovic, Aleksandar M"]
[Result "0-1"]
[WhiteElo "2486"]
[BlackElo "2325"]
[PlyCount "90"]
[EventDate "2009.??.??"]
[Source "Perpetual Check"]

1. d4 Nf6 2. c4 g6 3. Nc3 Bg7 4. e4 O-O 5. Bg5 c6 6. Bd3 d5 7. cxd5 cxd5 8. e5
Ne8 9. Nge2 Nc6 10. O-O Nc7 11. Rc1 f6 12. exf6 exf6 13. Bh4 Be6 14. Na4 Ne7
15. Bg3 Ne8 16. Nc5 Bc8 17. Nf4 Rf7 18. Rc3 Nc7 19. Qe2 Nc6 20. Nxg6 hxg6 21.
Bxg6 Re7 22. Re3 b6 23. Qh5 bxc5 24. Qh7+ Kf8 25. Bf4 Be6 26. Bh6 Bg8 27. Qh8
Bxh6 28. Qxh6+ Rg7 29. dxc5 Ne5 30. Bf5 Nf7 31. Qh4 Rb8 32. b3 d4 33. Re2 Qd5
34. Be4 Qg5 35. Qxg5 Rxg5 36. Rc1 Re5 37. f4 Re7 38. Kf2 Rbe8 39. Bf3 Rxe2+ 40.
Bxe2 Bh7 41. b4 Nd5 42. b5 Nxf4 43. Bf1 Nd3+ 44. Bxd3 Bxd3 45. a4 Be2 0-1

[Event "Serbia Championship"]
[Site "Kragujevac"]
[Date "2009.04.04"]
[Round "3"]
[White "Drazic, Sinisa"]
[Black "Antic, Dejan"]
[Result "1/2-1/2"]
[WhiteElo "2533"]
[BlackElo "2513"]
[PlyCount "28"]
[EventDate "2009.??.??"]
[Source "Perpetual Check"]

1. c4 e6 2. Nf3 Nf6 3. d4 d5 4. Nc3 Be7 5. Bg5 h6 6. Bh4 O-O 7. e3 b6 8. Rc1
Bb7 9. Be2 Nbd7 10. O-O a6 11. a3 c5 12. dxc5 bxc5 13. Qc2 Re8 14. Rfd1 Bc8
1/2-1/2

[Event "Serbia Championship"]
[Site "Kragujevac"]
[Date "2009.04.04"]
[Round "3"]
[White "Miladinovic, Igor"]
[Black "Zlatic, Mihailo"]
[Result "1-0"]
[WhiteElo "2571"]
[BlackElo "2463"]
[PlyCount "99"]
[EventDate "2009.??.??"]
[Source "Perpetual Check"]

1. d4 c5 2. d5 e5 3. e4 d6 4. Bb5+ Nd7 5. a4 Be7 6. Nf3 Ngf6 7. Nc3 O-O 8. Nd2
Ne8 9. Bd3 Bg5 10. Nc4 Bxc1 11. Qxc1 a6 12. a5 Qe7 13. h4 Nc7 14. Qg5 Nf6 15.
Na4 Bd7 16. Nab6 Rad8 17. Nxd6 Qxd6 18. Nc4 h6 19. Nxd6 hxg5 20. hxg5 Nh7 21.
g6 fxg6 22. Nxb7 Rb8 23. Nxc5 Nf6 24. b3 Kf7 25. f3 Ke7 26. Nxa6 Nxa6 27. Bxa6
Bb5 28. Bxb5 Rxb5 29. Ra4 Ra8 30. b4 Nd7 31. c3 Nc5 32. Ra2 Na6 33. Kd2 Rc8 34.
Rb1 Kd6 35. Kd3 Rc7 36. Ra4 Rcb7 37. Rh1 Rb8 38. Rh4 Ke7 39. Rg4 Kf6 40. f4
exf4 41. Rxf4+ Ke7 42. Rg4 Kf7 43. Ra1 R8b7 44. Rf1+ Kg8 45. Rxg6 Nc7 46. Rc6
Kh7 47. Kc4 Ne8 48. Rf8 Nf6 49. Rfxf6 gxf6 50. a6 1-0

[Event "Serbia Championship"]
[Site "Kragujevac"]
[Date "2009.04.04"]
[Round "3"]
[White "Bogosavljevic, Boban"]
[Black "Damljanovic, Branko"]
[Result "1-0"]
[WhiteElo "2526"]
[BlackElo "2573"]
[PlyCount "111"]
[EventDate "2009.??.??"]
[Source "Perpetual Check"]

1. Nf3 c5 2. c4 Nf6 3. g3 b6 4. Bg2 Bb7 5. O-O e6 6. Nc3 a6 7. d4 cxd4 8. Qxd4
Nc6 9. Qf4 Ne7 10. e4 Ng6 11. Qe3 Rc8 12. b3 Qc7 13. Bb2 Bc5 14. Qe2 O-O 15.
Rad1 Rfe8 16. a3 h6 17. Kh1 Bf8 18. Rfe1 d6 19. h3 Qb8 20. Kh2 Ba8 21. Nd4 h5
22. Nf3 b5 23. cxb5 axb5 24. b4 h4 25. Nxh4 Nxh4 26. gxh4 Rc4 27. Kg1 d5 28.
exd5 exd5 29. Qd3 Rd8 30. Ne2 Ne4 31. Nd4 Rd6 32. f3 Ng3 33. Qe3 Rg6 34. Qe5
Qd8 35. h5 Rg5 36. Qe8 Rc8 37. Qxd8 Rxd8 38. f4 Rxh5 39. Nxb5 Bc6 40. Nd4 Ba4
41. Rd3 Ne4 42. Bf3 Rh6 43. Bg4 Nf6 44. Bd1 Bd7 45. f5 Rc8 46. Bb3 Rh5 47. Rf3
Bd6 48. Bc1 Be5 49. Nc2 Bc3 50. Ree3 d4 51. Re7 Rxf5 52. Rxf7 Kh8 53. Rg3 Bb5
54. Bg5 Ne4 55. Rxf5 Bd7 56. Rf4 1-0

[Event "Serbia Championship"]
[Site "Kragujevac"]
[Date "2009.04.05"]
[Round "4"]
[White "Sedlak, Nikola"]
[Black "Damljanovic, Branko"]
[Result "0-1"]
[WhiteElo "2572"]
[BlackElo "2573"]
[PlyCount "86"]
[EventDate "2009.??.??"]
[Source "Perpetual Check"]

1. d4 Nf6 2. c4 g6 3. g3 c5 4. d5 Bg7 5. Bg2 O-O 6. Nc3 a6 7. a4 d6 8. Nf3 e6
9. O-O exd5 10. cxd5 Nbd7 11. Bf4 Qe7 12. h3 h6 13. Qc1 g5 14. Bd2 Nh7 15. h4
Ne5 16. hxg5 Nxf3+ 17. exf3 Nxg5 18. Ne4 Nxe4 19. fxe4 h5 20. Re1 Bg4 21. Bc3
f6 22. a5 Qf7 23. Qf4 Rad8 24. f3 Bc8 25. Qh4 Rde8 26. f4 Bg4 27. Bh3 Qg6 28.
f5 Qg5 29. Bxg4 hxg4 30. Re2 Bh6 31. Qh1 Qg7 32. Rae1 Kf7 33. Qh5+ Ke7 34. e5
dxe5 35. Rxe5+ fxe5 36. Rxe5+ Kd7 37. Rxe8 Qh7 38. Qxg4 Rxe8 39. Qa4+ Ke7 40.
Qh4+ Kf8 41. Qf6+ Kg8 42. d6 Qg7 43. Qh4 Qg5 0-1

[Event "Serbia Championship"]
[Site "Kragujevac"]
[Date "2009.04.05"]
[Round "4"]
[White "Zlatic, Mihailo"]
[Black "Bogosavljevic, Boban"]
[Result "0-1"]
[WhiteElo "2463"]
[BlackElo "2526"]
[PlyCount "94"]
[EventDate "2009.??.??"]
[Source "Perpetual Check"]

1. e4 c5 2. Nf3 d6 3. d4 cxd4 4. Nxd4 Nf6 5. Nc3 Nc6 6. Bc4 Bd7 7. Bb3 a6 8.
O-O e6 9. Be3 Be7 10. f4 O-O 11. f5 Nxd4 12. Bxd4 e5 13. Be3 Bc6 14. Qf3 Rc8
15. Rad1 b5 16. a3 a5 17. Bg5 Nxe4 18. Bxe7 Nxc3 19. Qg4 Qxe7 20. f6 Qa7+ 21.
Kh1 g6 22. bxc3 Qe3 23. Rd3 Qe4 24. Qh3 h5 25. Rg3 Rc7 26. Kg1 Kh7 27. Rd3 a4
28. Ba2 Rd8 29. Qg3 Qg4 30. Qf2 Be4 31. Rg3 Qd7 32. Qe2 d5 33. Rg5 Qd6 34. Rd1
Qxf6 35. h4 Qb6+ 36. Kh2 Rxc3 37. Rf1 f6 38. Rxh5+ gxh5 39. Qxh5+ Kg7 40. Qg4+
Kh8 41. Qh5+ Bh7 42. Qh6 e4 43. Bxd5 Qd6+ 44. Kh1 f5 45. Qd2 Rc7 46. c4 bxc4
47. Rd1 Rg7 0-1

[Event "Serbia Championship"]
[Site "Kragujevac"]
[Date "2009.04.05"]
[Round "4"]
[White "Perunovic, Milos"]
[Black "Miladinovic, Igor"]
[Result "1-0"]
[WhiteElo "2580"]
[BlackElo "2571"]
[PlyCount "63"]
[EventDate "2009.??.??"]
[Source "Perpetual Check"]

1. e4 c6 2. d4 d5 3. e5 c5 4. c4 Nc6 5. Nf3 cxd4 6. Nxd4 Nxe5 7. cxd5 Nf6 8.
Bb5+ Bd7 9. Nc3 Bxb5 10. Ndxb5 a6 11. Bf4 Qb8 12. O-O axb5 13. Nxb5 g5 14. Bxe5
Qxe5 15. Re1 Qf4 16. d6 e6 17. Nc7+ Kd8 18. Nxa8 Ng4 19. Qf3 Qxf3 20. gxf3 Nf6
21. Red1 Nd5 22. Rac1 Kd7 23. Rc7+ Nxc7 24. dxc7+ Bd6 25. c8=Q+ Kxc8 26. Rxd6
Kb8 27. Nb6 Kc7 28. Nc4 Ra8 29. Rd2 Rxa2 30. Nd6 Ra5 31. Nxf7 Rf5 32. Nd6 1-0

[Event "Serbia Championship"]
[Site "Kragujevac"]
[Date "2009.04.05"]
[Round "4"]
[White "Antic, Dejan"]
[Black "Ivanisevic, Ivan"]
[Result "0-1"]
[WhiteElo "2513"]
[BlackElo "2625"]
[PlyCount "106"]
[EventDate "2009.??.??"]
[Source "Perpetual Check"]

1. d4 Nf6 2. c4 e6 3. Nf3 Bb4+ 4. Bd2 Qe7 5. g3 Nc6 6. Nc3 d5 7. a3 Bxc3 8.
Bxc3 Ne4 9. Qc2 a5 10. Bg2 O-O 11. O-O Rd8 12. Rfd1 Bd7 13. Rac1 f5 14. Be1 Be8
15. cxd5 exd5 16. b4 axb4 17. axb4 Rac8 18. Qb2 Na7 19. Ne5 Nb5 20. f3 Ng5 21.
Bd2 Ne6 22. e3 Nd6 23. f4 c6 24. h3 g5 25. b5 Nxb5 26. Ba5 Nec7 27. Rf1 Bg6 28.
Bb4 Qf6 29. g4 Ne6 30. fxg5 Qxg5 31. Qf2 fxg4 32. Nf7 g3 33. Qf3 Qh4 34. Nxd8
Rxd8 35. Qf6 Qxf6 36. Rxf6 Re8 37. Rf3 Ra8 38. Rcf1 Ra2 39. Rxg3 Rb2 40. Ba5 b6
41. Be1 Rb1 42. h4 Ng7 43. Bh3 Nd6 44. Rgf3 Nh5 45. Be6+ Kg7 46. Bg3 Rxf1+ 47.
Kxf1 Nxg3+ 48. Rxg3 Kf6 49. Bg4 c5 50. Rg2 c4 51. Ke1 c3 52. h5 Be4 53. Rf2+
Kg5 0-1

[Event "Serbia Championship"]
[Site "Kragujevac"]
[Date "2009.04.05"]
[Round "4"]
[White "Popovic, Aleksandar M"]
[Black "Drazic, Sinisa"]
[Result "0-1"]
[WhiteElo "2325"]
[BlackElo "2533"]
[PlyCount "136"]
[EventDate "2009.??.??"]
[Source "Perpetual Check"]

1. e4 e6 2. Nf3 c5 3. g3 b6 4. Bg2 Bb7 5. Qe2 Nf6 6. e5 Nd5 7. Nc3 Be7 8. Ne4
O-O 9. d3 f5 10. exf6 Nxf6 11. Nfg5 Nc6 12. c3 Nxe4 13. Nxe4 d5 14. Nd2 e5 15.
O-O Qd7 16. Nf3 Bf6 17. Ng5 h6 18. h4 Rae8 19. Qh5 Bd8 20. f4 hxg5 21. hxg5 Ne7
22. g6 Nxg6 23. Qxg6 Bf6 24. fxe5 Rxe5 25. Bf4 Re2 26. Rae1 Rxb2 27. Be5 d4 28.
Rxf6 Rxg2+ 29. Kf1 Rf7 30. cxd4 Rxa2 31. Qxf7+ Qxf7 32. Rxf7 Kxf7 33. dxc5 bxc5
34. Bd6 Ba6 35. Bxc5 Bxd3+ 36. Kg1 a5 37. Re7+ Kg8 38. Bd4 g6 39. Ra7 Kf8 40.
Bc5+ Kg8 41. g4 a4 42. g5 Bb5 43. Ra8+ Kf7 44. Rf8+ Ke6 45. Rf3 Kd5 46. Bf8 Re2
47. Rf6 Bd3 48. Rf4 Bc2 49. Rf2 Re1+ 50. Kh2 Bf5 51. Ra2 Re8 52. Bg7 Ra8 53.
Bf6 Kc4 54. Ra3 Ra7 55. Be5 Kb4 56. Bd6+ Kb5 57. Rc3 Rd7 58. Bf8 Rd4 59. Be7
Rc4 60. Re3 Rg4 61. Rc3 Re4 62. Bf8 Rh4+ 63. Kg2 Rg4+ 64. Rg3 Rxg3+ 65. Kxg3
Kc4 66. Kf4 Kb3 67. Ke3 a3 68. Kd2 Kb2 0-1

[Event "Serbia Championship"]
[Site "Kragujevac"]
[Date "2009.04.05"]
[Round "4"]
[White "Vuckovic, Bojan"]
[Black "Sarenac, Ivan"]
[Result "1/2-1/2"]
[WhiteElo "2572"]
[BlackElo "2320"]
[PlyCount "64"]
[EventDate "2009.??.??"]
[Source "Perpetual Check"]

1. e4 c5 2. Nf3 Nc6 3. d4 cxd4 4. Nxd4 Nf6 5. Nc3 e5 6. Ndb5 d6 7. Bg5 a6 8.
Na3 b5 9. Nd5 Be7 10. Bxf6 Bxf6 11. c3 Bg5 12. Nc2 Ne7 13. a4 bxa4 14. Ncb4 O-O
15. Qxa4 Nxd5 16. Nxd5 Bd7 17. Qa2 a5 18. Bc4 Kh8 19. O-O f5 20. exf5 Bxf5 21.
b3 Qb8 22. Qe2 Qb7 23. Rfd1 Be6 24. Ra2 Bf7 25. Qg4 Bd8 26. g3 Rb8 27. Rad2 Qa7
28. Kg2 Bb6 29. Nxb6 Rxb6 30. Qf3 Rbb8 31. Bxf7 Rxf7 32. Qe3 Kg8 1/2-1/2

[Event "Serbia Championship"]
[Site "Kragujevac"]
[Date "2009.04.06"]
[Round "5"]
[White "Sarenac, Ivan"]
[Black "Sedlak, Nikola"]
[Result "1/2-1/2"]
[WhiteElo "2320"]
[BlackElo "2572"]
[PlyCount "132"]
[EventDate "2009.??.??"]
[Source "Perpetual Check"]

1. e4 e6 2. d4 d5 3. Nc3 Nf6 4. e5 Nfd7 5. f4 c5 6. Nf3 Nc6 7. Be3 Be7 8. Qd2
a6 9. Be2 b5 10. a3 Bb7 11. O-O Qc7 12. Nd1 f5 13. exf6 gxf6 14. c3 Na5 15. Qe1
Nb3 16. Rb1 O-O-O 17. Nf2 Kb8 18. Nd3 c4 19. Nc1 Nxc1 20. Rxc1 Bd6 21. Qh4 Rdf8
22. Rce1 f5 23. Ne5 Nf6 24. Kh1 Rhg8 25. Rf3 h5 26. Rg1 Ng4 27. Qe1 Qg7 28. Bd1
h4 29. Bf2 Bxe5 30. fxe5 Rh8 31. h3 Nxf2+ 32. Qxf2 Bc6 33. Rf4 Qh6 34. g3 hxg3
35. Rxg3 Be8 36. Kh2 Rh7 37. Be2 Rfh8 38. Bf1 Bh5 39. Kg1 Bd1 40. Bg2 Bc2 41.
Qe3 Bd3 42. Kh2 Kb7 43. Qd2 Be4 44. Bxe4 dxe4 45. Qe3 Rd8 46. Rg1 Kc6 47. a4
bxa4 48. Rg3 Kd5 49. Qf2 Rdh8 50. Qf1 Rg7 51. b3 Rc8 52. Rxg7 Qxg7 53. bxc4+
Rxc4 54. Qa1 Qc7 55. Rf2 Rxc3 56. Qxa4 e3 57. Rg2 f4 58. Qxa6 f3 59. Qb5+ Ke4
60. Rg4+ Kf5 61. Kg3 e2 62. Rf4+ Kg5 63. Rg4+ Kh6 64. Rh4+ Kg7 65. Rg4+ Kf7 66.
Rf4+ Kg7 1/2-1/2

[Event "Serbia Championship"]
[Site "Kragujevac"]
[Date "2009.04.06"]
[Round "5"]
[White "Rajkovic, Dusan"]
[Black "Vuckovic, Bojan"]
[Result "1/2-1/2"]
[WhiteElo "2486"]
[BlackElo "2572"]
[PlyCount "141"]
[EventDate "2009.??.??"]
[Source "Perpetual Check"]

1. d4 Nf6 2. c4 g6 3. Nc3 d5 4. Nf3 Bg7 5. Qb3 dxc4 6. Qxc4 O-O 7. e4 Nc6 8. e5
Nd7 9. Be2 Nb6 10. Qc5 a5 11. Be3 Nb4 12. Rc1 Bf5 13. O-O Bd3 14. e6 fxe6 15.
Rfd1 Rf5 16. Ne5 Nd7 17. Nxd3 Nxd3 18. Qc4 Nxc1 19. Qxe6+ Kh8 20. Rxc1 Nb6 21.
Bd3 Rf8 22. Qh3 Qd7 23. Qh4 Bf6 24. Qh6 e5 25. d5 Nxd5 26. Nxd5 Qxd5 27. Bxg6
Qd7 28. Be4 c6 29. g3 Qg7 30. Qh5 Qf7 31. Qh6 Rad8 32. a3 Rd7 33. Rc5 Qg7 34.
Qh5 Rg8 35. Kg2 Bg5 36. Bxg5 Qxg5 37. Rxe5 Qxh5 38. Rxh5 Re8 39. Kf3 Rde7 40.
Rh4 Rd8 41. Ke2 Rd5 42. a4 Rd4 43. f3 Rxa4 44. Kd3 Rb4 45. Kc3 b5 46. Rh6 Rc4+
47. Kd3 Rd7+ 48. Ke3 Rb4 49. Rxc6 Rxb2 50. h4 Kg7 51. Ra6 a4 52. h5 Rh2 53. g4
Rf7 54. Bc6 Rh3 55. Kf2 Rf6 56. Ra7+ Kh6 57. Kg2 Rxh5 58. Be4 Re5 59. Rxh7+ Kg5
60. Kg3 Rxe4 61. fxe4 Rb6 62. Ra7 b4 63. Rxa4 b3 64. Ra1 b2 65. Rb1 Rb3+ 66.
Kf2 Kxg4 67. Ke2 Kf4 68. Kd2 Kxe4 69. Kc2 Rb8 70. Rxb2 Rxb2+ 71. Kxb2 1/2-1/2

[Event "Serbia Championship"]
[Site "Kragujevac"]
[Date "2009.04.06"]
[Round "5"]
[White "Drazic, Sinisa"]
[Black "Pikula, Dejan"]
[Result "1/2-1/2"]
[WhiteElo "2533"]
[BlackElo "2568"]
[PlyCount "90"]
[EventDate "2009.??.??"]
[Source "Perpetual Check"]

1. d4 d5 2. Bf4 Nf6 3. e3 g6 4. c4 Bg7 5. Nc3 O-O 6. Nf3 c5 7. dxc5 Qa5 8. Rc1
dxc4 9. Qa4 Qxc5 10. Qxc4 Qxc4 11. Bxc4 Nc6 12. Ne5 Nxe5 13. Bxe5 Bd7 14. O-O
Rac8 15. Bb3 Bc6 16. f3 Rfd8 17. Rfd1 Bh6 18. Kf2 Nd7 19. Bf4 g5 20. Bg3 Bg7
21. Nd5 Kf8 22. Bc7 Re8 23. Rd2 Nf6 24. Nxf6 Bxf6 25. Ba5 Bb5 26. Rdc2 Rxc2+
27. Rxc2 b6 28. Bd2 Rd8 29. Ke1 Be5 30. f4 gxf4 31. exf4 Bd4 32. Bc3 Be3 33. g3
Bd3 34. Rg2 h5 35. Bc2 Bxc2 36. Rxc2 h4 37. Ke2 Bg1 38. Kf1 Rd1+ 39. Kg2 hxg3
40. hxg3 f5 41. g4 fxg4 42. Kg3 Bc5 43. Kxg4 Kf7 44. Kf5 Ke8 45. Rd2 Rxd2
1/2-1/2